Valtiot joissa Sly Cooper on käynyt - Statistics

Yleistilastot
  • Tätä visaa on pelattu 48 kertaa
  • Keskiarvotulos 12 / 16
Vastaustilastot
Manner Valtio % Oikein
Eurooppa Ranska
97%
Amerikka Kanada
94%
Oseania Australia
91%
Aasia Kiina
91%
Amerikka Yhdysvallat
91%
Eurooppa Italia
89%
Aasia Intia
86%
Aasia Japani
86%
Eurooppa Yhdistynyt Kuningaskunta
80%
Eurooppa Alankomaat
77%
Afrikka Egypti
77%
Eurooppa Venäjä
77%
Eurooppa Tšekki
57%
Aasia Saudi-Arabia
49%
Amerikka Haiti
34%
Eurooppa Monaco
34%
Ehtoja vastaavia visoja ei löytynyt
Tulosjakauma
Jokaisen tuloksen saaneiden osuus
Persentiili vastausten määrän mukaan
Tuloshistoriasi
Et ole pelannut tätä visaa